000 01758nam a2200241Ia 4500
003 Ost
005 20260507075340.0
008 260507s9999||||xx |||||||||||||| ||und||
020 _a91515299619
040 _cfsecg
041 _aara
082 _a330
100 _aكردودي، صبرينة
_eمؤلف
245 0 _aتمويل عجز الموازنة العامة للدولة في الاقتصاد الاسلامي :
_bدراسة تحليلية مقارنة /
_c صبرينة كردودي
260 _aالجزائر:
_bدار الخلدونية,
_c2007
300 _a254 صفحة؛
_c23 سم
520 _aطبيعة الاقتصاد الاسلامي و الاطار العام له و السياسات الاقتصادية ، عناصر الموازنة العامة للدولة في الاقتصاد الوضعي و عجز الموازنة العامة للدولة في الفكر الاقتصادي المعاصر و عناصر الموازنة العامة للدولة في الاقتصاد الاسلامي ، مفهوم عجز الموازنة العامة للدولة و العوامل المؤدية لحدوثه و طرق تمويله في الاقتصاد الوضعي و الآثار الاقتصادية لهذا العجز ، الصيغ التمويلية لنظام المشاركة و الصيغ المستحدثة لتمويل هذا العجز في الاقتصاد الاسلامي و أخيرا دور التشريع المالي الاسلامي في تخفيف أعاء الموازنة العامة للدولة
653 _aالاقتصاد الاسلامي
653 _aالتمويل
653 _aالميزانية العامة
700 _aلعمارة، جمال
_eمؤلف ثانوي
942 _cكتاب
999 _c44082
_d44082